| 000 | 00000nam##2200000za#4500 |
| 001 | 9.601189 |
| 003 | CaOODSP |
| 005 | 20210624205942 |
| 007 | cr ||||||||||| |
| 008 | 150406|2005||||xxc|||||o f|0| 0 fre|d |
| 022 | |a1919-5117 |
| 040 | |aCaOODSP|bfre |
| 043 | |an-cn--- |
| 086 | 1 |aFs70-6/2005-037F-PDF |
| 110 | 1 |aCanada. |bMinistère des pêches et des océans. |bRégion de Terre-Neuve et du Labrador. |
| 245 | 10|aÉvaluation des stocks de phoques du Groenland dans l'Atlantique nord-ouest (Pagophilus groenlandicus) |h[ressource électronique] |
| 246 | 17|aRégion de Terre-Neuve et du Labrador, région du Québec : rapport sur l'état des stocks de phoques du Groenland de l'Atlantique Nord-Ouest (Pagophilus groenlandicus) |
| 260 | |aDartmouth - Nouvelle-Écosse : |bPêches et Océans Canada. |cAoût 2005. |
| 300 | |a14p.|bgraphiques, carte, références, tableau, photographies |
| 490 | 1 |aSecrétariat canadien de consultation scientifique, avis scientifique |x1919-5117|v2005/037, Région de Terre-Neuve et du Labrador, Régions du Québec |
| 590 | |a11-11-Supp|b2011-07-13 |
| 775 | 08|tStock assessment of northwest Atlantic harp seals (Pagophilus groenlandicus) |w(CaOODSP)9.570541 |
| 830 | #0|aAvis scientifique (Secrétariat canadien de consultation scientifique)|x1919-5117|v2005/037, Région de Terre-Neuve et du Labrador, Régions du Québec|w(CaOODSP)9.502624 |
| 856 | 40|ahttp://publications.gc.ca|qPDF|s258 Ko|uhttps://publications.gc.ca/collections/collection_2011/mpo-dfo/Fs70-6-2005-037-fra.pdf|y2005/037, Région de Terre-Neuve et du Labrador, Régions du Québec |